| 000 | 00644nam a2200205 i 4500 | ||
|---|---|---|---|
| 001 | bg | ||
| 245 | 0 | 0 |
_aInformator o studiach w Politechnice Koszalińskiej w roku akademickim 2002/2003 / _c[oprac. Dział Nauczania Politechniki Koszalińskiej]. |
| 260 |
_aKoszalin : _bWydaw. Uczelniane PK, _c2002. |
||
| 300 |
_a140 s. : _bfot. kolor., 1 rys. ; _c21 cm. |
||
| 651 | 9 |
_aKoszalin _xPolitechnika |
|
| 655 | _aInformatory | ||
| 710 | 0 | _aPolitechnika Koszalińska | |
| 020 | _a8388283928 | ||
| 040 | _cBPK | ||
| 041 | 0 | _apl | |
| 080 | _a378.662(438) | ||
| 920 | _a83-88283-92-8 | ||
| 942 | _cKS | ||
| 008 | s pl f |000 0 pol | ||
| 999 |
_c40977 _d40977 |
||
| 856 |
_uhttp://koha.tu.koszalin.pl/cgi-bin/koha/opac-detail.pl?biblionumber=40977 _yKatalog online BPK |
||